000 00298nam a22000977a 4500
005 20250901165436.0
008 210401b ||||| |||| 00| 0 eng d
050 _aHD58.8 .W56 1998
245 _aDriving change
_bhow the best companies are preparing for the 21st century
_cWIND, JERRY YORAM
942 _2lcc
999 _c4057
_d4057